000 00801nam a2200289 a 4500
003 AR-BaBNM
005 20251128204807.0
008 082120s2002 ||||||||||||||000 | spa||
020 _a84-283-1986-3
040 _cAR-BaBNM
100 1 _aMuñoz, Elvira
245 0 0 _aDiccionario de palabras olvidadas
_bo de uso poco frecuente
260 _aMadrid
_bParaninfo
_c1993
300 _a409 p.
500 _aContiene nota preliminar del editor en p. 7-10
500 _aAbreviaturas en p. 11-12
500 _aGlosario de sinónimos y equivalencias: p. 349-409
650 4 _aDICCIONARIOS
650 4 _aLEXICOGRAFIA
650 4 _aSINONIMOS
650 4 _aVOCABULARIO
650 4 _aRELACIONES DE EQUIVALENCIA
650 4 _aMORFOLOGIA
650 4 _aSEMANTICA
942 _cBK
998 _cGLORIA
999 _c8855
_d8855